000 00232nam a22000857a 4500
008 230921b |||||||| |||| 00| 0 eng d
020 _a9781421591643
100 _aKusaka Hidenori
_97698
245 _aPokemon Adventures (Special Edition)-10
999 _c12431
_d12431